000
00331nam a2200145 a 4500
001
000023992
003
OCoLC
005
20200930022628.0
008
081128s1981 dr 000 0 spa d
040
_a
DO-SdBNP
_b
spa
_c
BNPHU
082
_a
xxxx
_b
xxxx
245
0
_a
Planificación social.
260
_a
Chile,
_c
1981.
049
_a
BNPD
999
_c
23487
_d
23487